Republic of Kazakhstan : 2009 Article IV Consultation; Staff Report; Supplement; and Public Information Notice on the Executive Board Discussion.

Kazakhstan's financial system remains highly stressed despite large-scale government support; the economy is expected to contract in the near future. The staff report for Kazakhstan's 2009 Article IV Consultation discusses economic developments and policies. Kazakhstan is better placed tha...

Celý popis

Podrobná bibliografie
Korporativní autor: International Monetary Fund
Médium: Časopis
Jazyk:English
Vydáno: Washington, D.C. : International Monetary Fund, 2009.
Edice:IMF Staff Country Reports; Country Report ; No. 2009/300
On-line přístup:Full text available on IMF
LEADER 01783cas a2200241 a 4500
001 AALejournalIMF006103
008 230101c9999 xx r poo 0 0eng d
020 |c 5.00 USD 
020 |z 9781451821024 
022 |a 1934-7685 
040 |a BD-DhAAL  |c BD-DhAAL 
110 2 |a International Monetary Fund. 
245 1 0 |a Republic of Kazakhstan :   |b 2009 Article IV Consultation; Staff Report; Supplement; and Public Information Notice on the Executive Board Discussion. 
264 1 |a Washington, D.C. :  |b International Monetary Fund,  |c 2009. 
300 |a 1 online resource (57 pages) 
490 1 |a IMF Staff Country Reports 
500 |a <strong>Off-Campus Access:</strong> No User ID or Password Required 
500 |a <strong>On-Campus Access:</strong> No User ID or Password Required 
506 |a Electronic access restricted to authorized BRAC University faculty, staff and students 
520 3 |a Kazakhstan's financial system remains highly stressed despite large-scale government support; the economy is expected to contract in the near future. The staff report for Kazakhstan's 2009 Article IV Consultation discusses economic developments and policies. Kazakhstan is better placed than many emerging market economies to weather the crisis given its large official foreign currency assets, low public debt, and favorable medium-term prospects. A full and independent assessment of all systemically important banks should be carried out in tandem with the strengthening of regulation and supervision, and the improvement of corporate governance. 
538 |a Mode of access: Internet 
830 0 |a IMF Staff Country Reports; Country Report ;  |v No. 2009/300 
856 4 0 |z Full text available on IMF  |u http://elibrary.imf.org/view/journals/002/2009/300/002.2009.issue-300-en.xml  |z IMF e-Library